00928nam a2200217 a 4500001001000000003000400010005001700014008004100031040002500072082002400097100003600121245005700157260006800214300002000282590002600302910003700328942001400365952019000379952012400569999001700693000033078OSt20201105144547.0110809s1940 dr r 000 0 spa d aDO-SdBNPbspacBNPHU74aRD861.42bR696d2221 a Fersola Rodríguez, N.95876210aDios, libertad y poesía /cH. Fersola Rodríguez. aSantiago, República Dominicana :bImprenta Vila Morel,c1940. a19 p. ;c21 cm. aInventariado, 2018/BT aValidado. Control de calidad MFF 2ddccLBS1 00102ddc51718RVaPDbPDcHDd2011-08-09iLF1l0oBNPHU PD-RV 861.42 R696dp33078-10r2020-06-25w2020-06-25y1z Perteneció a la biblioteca personal de Carlos Larrazábal Blanco. 00102ddc51728RVaPDbPDcHDd2018-08-24iLF1l0oBNPHU PD-RV 861.42 R696dp33078-20r2020-06-25te.2w2020-06-25y1 c32569d32569